000 00301nam a22001337a 4500
008 170615b xxu||||| |||| 00| 0 eng d
020 _a9280810316
041 _aeng
080 _a32
100 _a19
101 _aSHP
245 _aPEACEKEEPERS, POLITICIANS AND WARLORDS
_cALAO, A
942 _2udc
_cBK
999 _c17647
_d17647